Jud Süss /

This notorious Nazi propaganda historical costume melodrama is based on the Nazi version of the novel of the same title by Lion Feuchtwanger, which is based on the real historical character of Josef Süss Oppenheimer who was a Jewish tax advisor to Karl Alexander during the early 1700's and was...

Full description

Bibliographic Details
Main Author: Zeller, Wolfgang, 1893-1967 (Composer)
Corporate Authors: Terra Filmkunst (Firm), International Historic Films Inc
Other Authors: Harlan, Veit, 1899-1964 (Screenwriter, Director), Möller, Wolfgang Eberhard (Screenwriter), Metzger, Ludwig, Marian, Ferdinand (Actor), Söderbaum, Kristina, George, Heinrich, 1893-1946, Krauss, Werner, 1884-1959 (Actor), Klöpfer, Eugene, Florath, Albert, 1888-1957, Feuchtwanger, Lion, 1884-1958
Format: Video DVD
Language:German
Language Notes:In German with optional subtitles in English, French and Italian.
Published: Chicago : International Historic Films, [2008]
Edition:Deluxe restored version.
Subjects:

MARC

Tag First Indicator Second Indicator Subfields
LEADER 00000cgm a2200000Ia 4500
001 in00002465645
005 20250116144501.9
007 vd bvaizm
008 080819s2008 ilu095 g vlger d
024 1 |a 009432229355 
028 4 2 |a 22935  |b International Historical Films 
035 |a (OCoLC)ocn244098029 
035 |a (OCoLC)244098029 
040 |a EMU  |c EMU  |d PAU  |d UtOrBLW 
041 1 |a ger  |j eng  |j fre  |j ita 
049 |a TXAM 
090 |a PN1995.9.F67  |b J82 2008 
245 0 0 |a Jud Süss /  |c ein Veit Harlan film der Terra Filmkunst ; Drehbuch von Veit Harlan, Wolfgang Eberhand Möller und Ludwig Metzger. 
246 1 |i Title from English subtitles:  |a Jew Süss 
246 1 |i Added container title:  |a Jew Suess 
250 |a Deluxe restored version. 
264 1 |a Chicago :  |b International Historic Films,  |c [2008] 
300 |a 1 videodisc (95 min.) :  |b sound, black and white ;  |c 4 3/4 in. +  |e 1 booklet (22 pages : illustrations (some color) ; 19 cm) 
336 |a two-dimensional moving image  |b tdi  |2 rdacontent 
337 |a video  |b v  |2 rdamedia 
338 |a videodisc  |b vd  |2 rdacarrier 
538 |a DVD-9; region 0; NTSC; aspect ratio 4:3; Dolby digital mono, deluxe restored version. 
546 |a In German with optional subtitles in English, French and Italian. 
511 1 |a Ferdinand Marian, Kristina Söderbaum, Heinrich George, Werner Krauss, Eugene Klöpfer, Albert Florath. 
508 |a Music, Wolfgang Zeller ; camera, Bruno Mondi. 
500 |a Based on the book by Lion Feuchtwanger. 
500 |a Booklet with an essay by David Culbert inserted in container, ©2007. 
500 |a Originally released as a motion picture in 1940. 
521 8 |a Not rated by MPAA. 
520 |a This notorious Nazi propaganda historical costume melodrama is based on the Nazi version of the novel of the same title by Lion Feuchtwanger, which is based on the real historical character of Josef Süss Oppenheimer who was a Jewish tax advisor to Karl Alexander during the early 1700's and was publicly executed in Stuttgart for manipulation of state funds. 
500 |a Special features: video commentary by Eric Rentschler ; historical background slide show ; original promotional materials & posters slide show ; film restoration examples. 
600 1 0 |a Süss-Oppenheimer, Joseph,  |d 1698 or 1699-1738  |v Drama. 
650 0 |a World War, 1939-1945  |x Propaganda. 
650 0 |a World War, 1939-1945  |x Motion pictures and the war. 
650 0 |a Propaganda, German. 
650 0 |a Nazi propaganda. 
650 0 |a Propaganda, German  |x History  |y 20th century. 
651 0 |a Germany  |x History  |y 1648-1740  |v Drama. 
600 1 0 |a Feuchtwanger, Lion,  |d 1884-1958  |v Film adaptations. 
655 7 |a Foreign films.  |2 local 
650 7 |a Motion pictures, German.  |2 local 
655 7 |a Biographical films.  |2 lcgft 
655 7 |a Feature films.  |2 lcgft 
655 7 |a Historical films.  |2 lcgft 
700 1 |a Harlan, Veit,  |d 1899-1964,  |e screenwriter,  |e director. 
700 1 |a Möller, Wolfgang Eberhard,  |e screenwriter. 
700 1 |a Metzger, Ludwig. 
700 1 |a Marian, Ferdinand,  |e actor. 
700 1 |a Söderbaum, Kristina. 
700 1 |a George, Heinrich,  |d 1893-1946. 
700 1 |a Krauss, Werner,  |d 1884-1959,  |e actor. 
700 1 |a Zeller, Wolfgang,  |d 1893-1967,  |e composer. 
700 1 |a Klöpfer, Eugene. 
700 1 |a Florath, Albert,  |d 1888-1957. 
700 1 |a Feuchtwanger, Lion,  |d 1884-1958.  |t Jud Süss. 
710 2 |a Terra Filmkunst (Firm) 
710 2 |a International Historic Films Inc. 
994 |a C0  |b TXA 
948 |a cataloged  |b h  |c 2009/6/17  |d c  |e blrosas  |f 9:33:45 am 
999 |a MARS 
999 f f |s cd4d9b5c-8fa0-396e-8c3a-c6d89fa5a6b3  |i c609a3ce-3d1c-3928-b9f3-f654b793b149  |t 0 
952 f f |p dvd  |a Texas A&M University  |b College Station  |c Sterling C. Evans Library  |d Evans: Media and Reserves (Annex 1st floor)  |t 0  |e PN1995.9.F67 J82 2008  |h Library of Congress classification  |i video -- videodisc  |m A14852213504 
952 f f |p ric  |a Texas A&M University  |b Rellis Campus  |c Joint Library Facility  |d Remote Storage  |t 0  |e PN1995.9.F67 J82 2008  |h Library of Congress classification  |i video -- videodisc  |m A14838805415 
998 f f |a PN1995.9.F67 J82 2008  |t 0  |l Evans: Media and Reserves (Annex 1st floor) 
998 f f |a PN1995.9.F67 J82 2008  |t 0  |l Remote Storage